000 00876nam2a22002291 4500
001 rc\4281298
005 20250611145714.0
035 _a(NLR Aleph) 008246151
090 _a8307153
_c8307153
100 _a20130416d1960 |||y0rusy50 ca
101 0 _arus
102 _aRU
105 _ay z |||||
200 1 _aПартийная организация и молодежь
210 _aСмоленск
_cКн. изд-во
_d1960
461 0 _1001rc\4281289
_12001#$aБиблиотечка партийного активиста$v[9]
_98307100
_cСмоленск
_d1960
_nКн. изд-во
_p9 бр. в обл.-папке
_tБиблиотечка партийного активиста
_v[9]
700 1 _aАбросенков
_bС.И.
_gСемен Иванович
801 0 _aRU
_bNLR
_gpsbo
801 1 _aRU
_bELAR
_2rusmarc
852 _aNLR
_j60-1/960
942 _cBOOK
980 _aNB